Normal view
MARC view
- Bates, David J
Entry Personal Name
001 - CONTROL NUMBER
- control field: 129434
003 - CONTROL NUMBER IDENTIFIER
- control field: NUST
005 - DATE AND TIME OF LATEST TRANSACTION
- control field: 20250707105144.0
008 - FIXED-LENGTH DATA ELEMENTS
- fixed length control field: 250707|| aca||aabn | a|a d
040 ## - CATALOGING SOURCE
- Original cataloging agency: NUST
- Transcribing agency: NUST
100 ## - HEADING--PERSONAL NAME
- Personal name: Bates, David J
670 ## - SOURCE DATA FOUND
- Source citation: Work cat.: (NUST)0: Malvino, Albert Paul. 56026, Electronic principles /, c2008.
